|
|
|
|
| LEADER |
00000cam a2200000 c 4500 |
| 001 |
1601752164 |
| 003 |
DE-627 |
| 005 |
20251225190956.0 |
| 007 |
tu |
| 008 |
100304s2008 xx ||||| 00| ||eng c |
| 020 |
|
|
|a 9780687002825
|9 978-0-687-00282-5
|
| 020 |
|
|
|a 0687002826
|9 0-687-00282-6
|
| 035 |
|
|
|a (DE-627)1601752164
|
| 035 |
|
|
|a (DE-576)319411052
|
| 035 |
|
|
|a (DE-599)BSZ319411052
|
| 035 |
|
|
|a (OCoLC)699756738
|
| 040 |
|
|
|a DE-627
|b ger
|c DE-627
|e rakwb
|
| 041 |
|
|
|a eng
|
| 050 |
|
0 |
|a BV4509.5.V65 1996
|
| 082 |
0 |
|
|a 241/.675
|
| 084 |
|
|
|a BH 3830
|2 rvk
|0 (DE-625)rvk/11689:
|
| 084 |
|
|
|a BK 2200
|q DE-FR129/1005
|2 rvk
|0 (DE-625)rvk/11865:
|
| 100 |
1 |
|
|0 (DE-588)141615435
|0 (DE-627)630391548
|0 (DE-576)164482725
|4 aut
|a Volf, Miroslav
|d 1956-
|
| 109 |
|
|
|a Volf, Miroslav 1956-
|
| 245 |
1 |
0 |
|a Exclusion and embrace
|b a theological exploration of identity, otherness, and reconciliation
|c Miroslav Volf
|
| 250 |
|
|
|a 17. repr.
|
| 264 |
|
1 |
|a Nashville, TN
|b Abingdon Press
|c 2008
|
| 300 |
|
|
|a 336 S.
|
| 336 |
|
|
|a Text
|b txt
|2 rdacontent
|
| 337 |
|
|
|a ohne Hilfsmittel zu benutzen
|b n
|2 rdamedia
|
| 338 |
|
|
|a Band
|b nc
|2 rdacarrier
|
| 500 |
|
|
|a Includes bibliographical references and index
|
| 583 |
1 |
|
|a Archivierung prüfen
|c 20200919
|f DE-640
|z 1
|2 pdager
|
| 601 |
|
|
|a Theologe
|
| 650 |
|
0 |
|a Identification Religion
|
| 650 |
|
0 |
|a Reconciliation
|x Religious aspects
|x Christianity
|
| 689 |
0 |
0 |
|d s
|0 (DE-588)4026482-8
|0 (DE-627)106288199
|0 (DE-576)208966544
|2 gnd
|a Identität
|
| 689 |
0 |
1 |
|d s
|0 (DE-588)4244141-9
|0 (DE-627)104836490
|0 (DE-576)210460466
|2 gnd
|a Fremdenfeindlichkeit
|
| 689 |
0 |
2 |
|d s
|0 (DE-588)4063213-1
|0 (DE-627)104552387
|0 (DE-576)209147822
|2 gnd
|a Versöhnung
|
| 689 |
0 |
|
|5 (DE-627)
|
| 935 |
|
|
|a mteo
|
| 936 |
r |
v |
|a BH 3830
|b Politische Theologie
|k Theologie und Religionswissenschaften
|k Evangelische Dogmatik
|k Spezielle Dogmatik
|k Besondere Ansätze der Theologie
|k Politische Theologie
|0 (DE-627)1272615227
|0 (DE-625)rvk/11689:
|0 (DE-576)202615227
|
| 936 |
r |
v |
|a BK 2200
|b Umkehr, Buße, Sühne
|k Theologie und Religionswissenschaften
|k Theologische Ethik/Moraltheologie
|k Allgemeine Moraltheologie/Ethische Grundbegriffe
|k Umkehr, Buße, Sühne
|0 (DE-627)1270725025
|0 (DE-625)rvk/11865:
|0 (DE-576)200725025
|
| 951 |
|
|
|a BO
|
| ELC |
|
|
|b 1
|
| ORI |
|
|
|a SA-MARC-ixtheo_oa001.raw
|
| STA |
0 |
0 |
|a Identity,Identity,Identity (Philosophical concept),Identity (Philosophical concept) in art,Identity (Psychology) in literature,Identity (Psychology) in art,Reconciliation,Reconciliation,Atonement,Placation,Xenophobia (motif),Xenophobia,Hatred of foreigners,Foreigner
|
| STB |
0 |
0 |
|a Identité,Identité,Identité (philosophie),Réconciliation,Réconciliation,Xénophobie (motif),Xénophobie
|
| STC |
0 |
0 |
|a Identidad,Identidad,Reconciliación,Reconciliación,Xenofobia
|
| STD |
0 |
0 |
|a Identità,Identità,Riconciliazione,Riconciliazione,Xenofobia
|
| STE |
0 |
0 |
|a 仇外,排外,和解,和解,和好,复和,和好,复和,身份,身份
|
| STF |
0 |
0 |
|a 仇外,排外,和解,和解,和好,復和,和好,復和,身份,身份
|
| STG |
0 |
0 |
|a Identidade,Identidade,Reconciliação,Reconciliação,Xenofobia
|
| STH |
0 |
0 |
|a Ксенофобия,Личная идентификация (мотив),Личная идентификация,Примирение (мотив),Примирение
|
| STI |
0 |
0 |
|a Ξενοφοβία,Συμφιλίωση (μοτίβο),Συμφιλίωση,Ταυτότητα (μοτίνο),Ταυτότητα
|
| SYG |
0 |
0 |
|a Sozialpsychologie - Identität , Xenophobie,Fremdenhass,Xenophobie,Fremdenhass , reconciliation,Aussöhnung
|